Analysing architecture : (Record no. 29312)

MARC details
000 -LEADER
fixed length control field 03355cam a22003738i 4500
001 - CONTROL NUMBER
control field 21680026
003 - CONTROL NUMBER IDENTIFIER
control field EG-ScBUE
005 - DATE AND TIME OF LATEST TRANSACTION
control field 20221221100534.0
008 - FIXED-LENGTH DATA ELEMENTS--GENERAL INFORMATION
fixed length control field 200819s2021 enka f b 001 0 eng d
020 ## - INTERNATIONAL STANDARD BOOK NUMBER
International Standard Book Number 9780367524432
040 ## - CATALOGING SOURCE
Original cataloging agency DLC
Language of cataloging eng
Description conventions rda
Transcribing agency DLC
Modifying agency EG-ScBUE
082 04 - DEWEY DECIMAL CLASSIFICATION NUMBER
Classification number 729
Item number UNW
Edition number 22
100 1# - MAIN ENTRY--PERSONAL NAME
Personal name Unwin, Simon,
Dates associated with a name 1952-
Relator term author.
245 10 - TITLE STATEMENT
Title Analysing architecture :
Remainder of title the universal language of place-making /
Statement of responsibility, etc Simon Unwin.
250 ## - EDITION STATEMENT
Edition statement Fifth edition,
Remainder of edition statement revised and with new chapters.
264 #1 - PUBLICATION, DISTRIBUTION, ETC. (IMPRINT)
Place of publication, distribution, etc Abingdon, Oxon ;
-- New York :
Name of publisher, distributor, etc Routledge,
Date of publication, distribution, etc 2021.
300 ## - PHYSICAL DESCRIPTION
Extent 326 pages :
Other physical details illustrations ;
Dimensions 28 cm.
336 ## - CONTENT TYPE
Content type term text
Content type code txt
Source rdacontent
337 ## - MEDIA TYPE
Media type term unmediated
Media type code n
Source rdamedia
338 ## - CARRIER TYPE
Carrier type term volume
Carrier type code nc
Source rdacarrier
490 0# - SERIES STATEMENT
Series statement The analysing architecture notebook series
504 ## - BIBLIOGRAPHY, ETC. NOTE
Bibliography, etc Includes bibliographical references and index.
505 0# - FORMATTED CONTENTS NOTE
Formatted contents note Architecture as Intellectual Structure and Identification of Place -- Basic Elements of Architecture -- Modifying Elements of Architecture -- Elements Doing More Than One Thing -- Using Things That Are There -- Primitive Place Types -- Architecture as Making Frames -- Geometries of Being -- Ideal Geometry -- Themes in Spatial Organisation: Space and Structure -- Parallel Walls -- Axis -- Grid -- Datum Place -- Stratification -- Transition, Hierarchy, Heart -- In-between -- Inhabited Wall -- Hidden -- Refuge and Prospect -- Temples and Cottages -- How Analysis Can Help Design.
520 ## - SUMMARY, ETC.
Summary, etc "Now in its fifth edition, Analysing Architecture has become internationally established as the best introduction to architecture. Aimed primarily at those studying architecture, it offers a clear and accessible insight into the workings of this rich and fascinating subject. With copious illustrations from his own notebooks, the author dissects examples from around the world and all periods of history to explain underlying strategies in architectural design and show how drawing may be used as a medium for analysis. This new edition of Analysing Architecture is revised and expanded. Notably, the chapter on 'How Analysis Helps Design' has been redeveloped to clearly explain this crucially important subject to a beginner audience. Two new chapters have been added to the section on 'Themes in Spatial Organisation', covering 'Axis', and 'The Hidden'. The 'Introduction' has been completely rewritten and the format revised. Works of architecture are instruments for managing, orchestrating, modifying our relationship with the world around us. They frame just about everything we do. Architecture is complex, subtle, frustrating... but ultimately extremely rewarding. It can be a difficult discipline to get to grips with; nothing in school quite prepares anyone for the particular demands of an architecture course. But this book will help"--
Assigning source Provided by publisher.
650 #7 - SUBJECT ADDED ENTRY--TOPICAL TERM
Topical term or geographic name as entry element Architectural design.
Source of heading or term BUEsh
650 #7 - SUBJECT ADDED ENTRY--TOPICAL TERM
Topical term or geographic name as entry element Architectural design
Form subdivision Case studies.
Source of heading or term BUEsh
653 ## - INDEX TERM--UNCONTROLLED
Resource For college Engineering, Architecture
Arrived date list August2021
655 ## - INDEX TERM--GENRE/FORM
Form subdivision Reading book
9 (RLIN) 34232
776 08 - ADDITIONAL PHYSICAL FORM ENTRY
Display text Online version:
Main entry heading Unwin, Simon, 1952-
Title Analysing architecture
Edition 5.
Place, publisher, and date of publication Abingdon, Oxon ; New York : Routledge, 2021
International Standard Book Number 9781003058007
Record control number (DLC) 2020037812
906 ## - LOCAL DATA ELEMENT F, LDF (RLIN)
a 7
b cbc
c orignew
d 1
e ecip
f 20
g y-gencatlg
942 ## - ADDED ENTRY ELEMENTS (KOHA)
Source of classification or shelving scheme Dewey Decimal Classification
Koha item type Book - Borrowing
Holdings
Withdrawn status Lost status Source of classification or shelving scheme Damaged status Not for loan Collection code Home library Current library Shelving location Date acquired Source of acquisition Cost, normal purchase price Serial Enumeration / chronology Total Checkouts Total Renewals Full call number Barcode Date last seen Date checked out Cost, replacement price Price effective from Koha item type
    Dewey Decimal Classification     Alahram Central Library Central Library Second Floor 03/08/2021 Purchase 799.00 274 1 5 729 UNW 000050477 15/07/2025 20/09/2021 998.75 03/08/2021 Book - Borrowing